00662nam a2200181Ia 450000500170000000800410001704100120005808200130007010000400008324500650012325000080018826000410019650000140023765000470025194200080029895201550030699900190046120240913125956.0240913s9999||||xx |||||||||||||| ||und|| aENGLISH A620.5 P7 aNoorul Islam College of Engineering 0aEmerging Adaptive Systems and Technologies (East 2007) Vol 2 a1st c2007bNoorul Islam College of Engine aREFERENCE aEmerging Adaptive SystemsbNano Technology cREF 00104070aNICHELIBbNICHELIBcProceedingsd2018-11-26eGift Book from Dr.A.E. Muthunayagaml0o620.5 P7p78464r2024-09-13 12:59:56w2024-09-13yREF c246687d246687